Statistics for Musical Duos

Click here to take the quiz!

General Stats

  • This quiz has been taken 97 times
  • The average score is 10 of 18

Answer Stats

SongDuo% Correct
Wake Me Up Before You Go-GoWham!
91%
I Got You BabeSonny & Cher
85%
The Sound of SilenceSimon & Garfunkel
78%
Sweet Dreams (Are Made of This)Eurythmics
76%
Hey Ya!OutKast
71%
Everybody Wants to Rule the WorldTears for Fears
65%
Proud MaryIke & Tina Turner
63%
It's Raining MenThe Weather Girls
62%
Seven Nation ArmyThe White Stripes
62%
ManeaterHall & Oates
59%
West End GirlsPet Shop Boys
56%
Get LuckyDaft Punk
51%
Bye Bye LoveThe Everly Brothers
44%
It Must Have Been LoveRoxette
37%
Top of the WorldThe Carpenters
34%
Stressed OutTwenty One Pilots
34%
CloserThe Chainsmokers
27%
The One That You LoveAir Supply
15%

Score Distribution

Percentile by Number Answered

Percent of People with Each Score

Your Score History

You have not taken this quiz